Legal Point

Bibliographic Details
Previous Title:Legal affairs
Format: Journal
Language:Slovak
PhysicalDescription:5 zv. 21 cm
Published: Bratislava ELSA 2013-2015, 2017-2018, 2024-
Bratislava ELSA Slovensko
ISSN:1339-0104
1338-6824
Subjects:

MARC

LEADER 00000cas a2200000 a 4500
001 vtls010493353
003 SK-MaSNL
005 20260228161217.0
008 130227d20139999xo fr p 0 b0slo
022 |a 1339-0104  |y 1338-6824 
040 |a UKB  |b slo  |c UKB  |d SAVUK  |d SNK  |e AACR2 
041 0 |a slo  |b eng 
044 |a xo  |c SK 
072 7 |a 34  |x Právo  |2 konspekt 
080 |a 34  |2 2001 
080 |a 050  |2 2001 
210 0 |a Leg. point 
222 0 |a Legal point 
245 0 0 |a Legal Point 
260 |a Bratislava  |b ELSA  |c 2013-2015, 2017-2018, 2024- 
260 3 |3 2014-2015, 2017-2018  |a Bratislava  |b ELSA Slovensko 
300 |a 5 zv.  |c 21 cm 
310 |a 2x ročne 
362 0 |a Č. 1 (2013)-č. 1 (2015) ; roč. 3, č. 2 (dec. 2015) ; roč. 5, č. 1 (2017)-roč. 6, č. 1 (2018) 
500 |a Evidenčné číslo: EV 4584/12 
500 |a V r. 2013 podnázov: právne problémy riešené budúcimi právnikmi 
500 |a V č. 2/2014 a v č. 1-2/2015 v tir. uvedený roč. 3 
500 |a v roku 2024 obnovené vydávanie, ročník I. 
500 |a Evidencia na Ministerstve kultúry: EV 6241/24/PT 
504 |a Bibliogr. pozn. ; bibliogr. 
546 |a Res. angl. 
550 |a Vydáva: ELSA - European Law Student's Association, Slovak Republic 
650 0 7 |a právo  |2 SNKPH  |9 976 
655 7 |a odborné časopisy  |2 SNKPH  |9 70505 
710 2 |a Európske združenie študentov práva (Bratislava, Slovensko)  |4 pbl  |9 83879 
780 0 0 |t Legal affairs  |x 1338-6824 
852 |a Štátna vedecká knižnica v Banskej Bystrici 
910 |a savuk 
910 |a snk 
999 |c 4680  |d 6610 
952 |0 0  |1 0  |4 0  |7 0  |8 1  |a SNK  |b SNK  |d 2024-03-20  |i snk2024/4721  |l 0  |o snkČSC 3626/5/2017 D1  |p 17A1522853  |r 2026-02-21 19:41:15  |t č. 1-2  |w 2026-02-21  |y PREZ 
952 |0 0  |1 0  |4 0  |7 0  |8 0  |a SNK  |b SNK  |d 2024-06-21  |i snk2024/9769  |l 0  |o snkČSC 3626/6/2018 D1  |p 17A1523545  |r 2026-02-21 19:58:07  |t č. 1-2, neúplné  |w 2026-02-21  |y PREZ  |z Chýba č. 2 
952 |0 0  |1 0  |4 0  |7 0  |8 0  |a SNK  |b SNK  |d 2021-09-27  |i snk2021/13912  |l 0  |o snkČSC 3626/5/2017  |p 17A1460692  |r 2026-02-21 21:39:42  |t č. 1-2  |w 2026-02-21  |y PREZ 
952 |0 0  |1 0  |4 0  |7 0  |8 0  |a SNK  |b SNK  |d 2021-09-27  |i snk2021/13913  |l 0  |o snkČSC 3626/6/2018  |p 17A1460693  |r 2026-02-21 21:39:42  |t č. 1-2  |w 2026-02-21  |y PREZ 
952 |0 0  |1 0  |4 0  |7 0  |8 0  |a SNK  |b SNK  |d 2017-10-10  |i snk2017/21927  |l 0  |o snkČSC 3626/2015 D1  |p 17A1265042  |r 2026-02-21 22:04:28  |t č. 1-2  |w 2026-02-21  |y PREZ 
952 |0 0  |1 0  |4 0  |7 0  |8 0  |a SNK  |b SNK  |d 2016-06-08  |i snk2016/14932  |l 0  |o snkČSC 3626/2013  |p 17A1100177  |r 2026-02-21 22:24:17  |t č. 1-2  |w 2026-02-21  |y PREZ 
952 |0 0  |1 0  |4 0  |7 0  |8 0  |a SNK  |b SNK  |d 2016-06-08  |i snk2016/14933  |l 0  |o snkČSC 3626/2013 D1  |p 17A1100176  |r 2026-02-21 22:24:17  |t č. 1-2  |w 2026-02-21  |y PREZ 
952 |0 0  |1 0  |4 0  |7 0  |8 0  |a SNK  |b SNK  |d 2016-06-08  |i snk2016/14934  |l 0  |o snkČSC 3626/2014  |p 17A1100175  |r 2026-02-21 22:24:17  |t č. 1-2  |w 2026-02-21  |y PREZ 
952 |0 0  |1 0  |4 0  |7 0  |8 0  |a SNK  |b SNK  |d 2016-06-08  |i snk2016/14936  |l 0  |o snkČSC 3626/2014 D1  |p 17A1100174  |r 2026-02-21 22:24:17  |t č. 1-2  |w 2026-02-21  |y PREZ 
952 |0 0  |1 0  |4 0  |7 0  |8 0  |a SNK  |b SNK  |d 2016-06-08  |i snk2016/14939  |l 0  |o snkČSC 3626/2015  |p 17A1100173  |r 2026-02-21 22:24:17  |t č. 1-2  |w 2026-02-21  |y PREZ